00454 2200169 4500001002100000008004100021035002000062245005200082100003500134260003300169300001200202020001800214084001400232082000800246650001200254990001800266INLIS000000000000495 ind  a0010-0724000495 aAnde Ande LumutcYuliadi Soekardi, U. Syahbudin aYuliadi Soekardi, U. Syahbudin aBandungbPustaka setiac2005 a128 hlm a979-730-683-6 a398 YUL a a398 aFolklor aP29/CP/24/495